| 000 | 00558cam a2200229ua 4500 | ||
|---|---|---|---|
| 020 | _c6.00 | ||
| 041 |
_amal _h |
||
| 082 |
_a585 _bJOS/AN |
||
| 100 | _aJoseph, T V . | ||
| 245 |
_aAnaavrita beejikal / _cT V Joseph. _hTextual Documents |
||
| 250 |
_a1 / _b. |
||
| 260 |
_aThiruvananthapuram : _bState Instititute of Languages , _c1971. |
||
| 300 | _a176 ; . | ||
| 365 | _a6.00 | ||
| 504 | _a | ||
| 700 | 1 | _aAppachan , M M . | |
| 942 | _cBK | ||
| 999 |
_c4806 _d4806 |
||